[Event "Mitropa Cup (Women)"]
[Site "Trencin"]
[Date "2025.05.21"]
[Round "8.2"]
[White "Berke, Ana"]
[Black "Shatil, Or"]
[Result "0-1"]
[WhiteElo "2124"]
[BlackElo "2265"]
[PlyCount "68"]
[EventDate "2025.05.14"]
[EventType "team-tourn"]
[EventRounds "9"]
[EventCountry "SVK"]
[SourceTitle "CB22_2025"]
[SourceDate "2025.05.28"]
[SourceVersion "1"]
[SourceVersionDate "2025.05.28"]
[SourceQuality "1"]
[WhiteTeam "Croatia (W)"]
[BlackTeam "Switzerland (W)"]
[WhiteTeamCountry "CRO"]
[BlackTeamCountry "SUI"]

1. e4 c6 2. d4 d5 3. exd5 cxd5 4. c4 Nf6 5. Nc3 Nc6 6. Nf3 Bg4 7. cxd5 Nxd5 8. Qb3 Bxf3 9. gxf3 e6 10. Qxb7 Nxd4 11. Bb5+ Nxb5 12. Qc6+ Ke7 13. Qc5+ Nd6 14. Nxd5+ exd5 15. 0-0 Qb6 16. Qxd5 Qb7 17. Qh5 Ke8 18. Re1+ Be7 19. Bf4 Kf8 20. Rad1 Ne8 21. Qf5 Rd8 22. Rxd8 Bxd8 23. Rd1 Be7 24. Rd7 Qc6 25. Bg3 Qe6 26. Qb5 h5 27. h4 a6 28. Qa4 Rh6 29. Rb7 Qc6 30. Qb3 Rf6 31. Rb8 Rxf3 32. Qd1 Bc5 33. Kf1 Rxg3 34. Qxh5 Qg2+ 0-1

[Event "Mitropa Cup (Women)"]
[Site "Trencin"]
[Date "2025.05.17"]
[Round "4.3"]
[White "Shatil, Or"]
[Black "Katter, Katharina"]
[Result "1-0"]
[WhiteElo "2265"]
[BlackElo "2113"]
[PlyCount "121"]
[EventDate "2025.05.14"]
[EventType "team-tourn"]
[EventRounds "9"]
[EventCountry "SVK"]
[SourceTitle "CB22_2025"]
[SourceDate "2025.05.28"]
[SourceVersion "1"]
[SourceVersionDate "2025.05.28"]
[SourceQuality "1"]
[WhiteTeam "Switzerland (W)"]
[BlackTeam "Austria (W)"]
[WhiteTeamCountry "SUI"]
[BlackTeamCountry "AUT"]

1. e4 c5 2. Nf3 d6 3. d4 cxd4 4. Nxd4 Nf6 5. Nc3 a6 6. Be2 e5 7. Nf3 Be7 8. Bg5 Be6 9. Bxf6 Bxf6 10. 0-0 0-0 11. Qd2 Nc6 12. Nd5 Bxd5 13. Qxd5 Qb6 14. Qb3 Qxb3 15. axb3 Be7 16. Bc4 g6 17. c3 Kg7 18. Bd5 Bd8 19. Rfd1 Bc7 20. Nd2 Kf6 21. Nc4 Ke7 22. b4 f5 23. exf5 gxf5 24. Rd3 Kd7 25. Rh3 Rh8 26. Rh6 Rae8 27. Rd1 Nd8 28. Ne3 Ref8 29. Bb3 f4 30. Nd5 Nf7 31. Nf6+ Ke7 32. Bxf7 Kxf7 33. Ne4 Rd8 34. Nxd6+ Ke7 35. Nf5+ Kf7 36. Rxd8 Rxd8 37. Kf1 Kg8 38. Ke2 Rd7 39. Rh3 e4 40. Nd4 Bb6 41. Nb3 Rg7 42. Nd2 e3 43. Nc4 Bc7 44. g3 b5 45. Na5 exf2 46. Kxf2 fxg3+ 47. hxg3 Rd7 48. Nb3 Rd3 49. Nc5 Rd2+ 50. Ke3 Rxb2 51. Nxa6 Be5 52. Rh5 Bxc3 53. Rxb5 Rb3 54. Ke4 Bxb4 55. g4 Rg3 56. Rg5+ Kf7 57. Nxb4 h5 58. Rf5+ Kg7 59. gxh5 Kh6 60. Nd5 Rg4+ 61. Nf4 1-0

[Event "Mitropa Cup (Women)"]
[Site "Trencin"]
[Date "2025.05.16"]
[Round "3.3"]
[White "Sekova, Olivia"]
[Black "Shatil, Or"]
[Result "1/2-1/2"]
[WhiteElo "2153"]
[BlackElo "2265"]
[PlyCount "60"]
[EventDate "2025.05.14"]
[EventType "team-tourn"]
[EventRounds "9"]
[EventCountry "SVK"]
[SourceTitle "CB22_2025"]
[SourceDate "2025.05.28"]
[SourceVersion "1"]
[SourceVersionDate "2025.05.28"]
[SourceQuality "1"]
[WhiteTeam "Slovakia (W)"]
[BlackTeam "Switzerland (W)"]
[WhiteTeamCountry "SVK"]
[BlackTeamCountry "SUI"]

1. e4 c5 2. Nf3 Nc6 3. Nc3 e5 4. Bc4 Be7 5. d3 d6 6. 0-0 Nf6 7. Nh4 0-0 8. f4 Bg4 9. Nf3 exf4 10. Bxf4 Nd4 11. Qd2 Nxf3+ 12. gxf3 Bh3 13. Rfe1 Nh5 14. Be3 Bh4 15. Bf2 Kh8 16. Bxh4 Qxh4 17. Qf2 Qg5+ 18. Kh1 Be6 19. Rg1 Qf6 20. Nd5 Bxd5 21. Bxd5 Nf4 22. Rge1 Nxd5 23. exd5 Qxb2 24. a4 Qf6 25. Rab1 b6 26. Re4 Rae8 27. Qe3 Rxe4 28. Qxe4 g6 29. Re1 Kg7 30. Kg2 a6 1/2-1/2

[Event "Mitropa Cup (Women)"]
[Site "Trencin"]
[Date "2025.05.14"]
[Round "1.3"]
[White "Sedina, Elena"]
[Black "Shatil, Or"]
[Result "1-0"]
[WhiteElo "2201"]
[BlackElo "2265"]
[PlyCount "47"]
[EventDate "2025.05.14"]
[EventType "team-tourn"]
[EventRounds "9"]
[EventCountry "SVK"]
[SourceTitle "CB22_2025"]
[SourceDate "2025.05.28"]
[SourceVersion "1"]
[SourceVersionDate "2025.05.28"]
[SourceQuality "1"]
[WhiteTeam "Italy (W)"]
[BlackTeam "Switzerland (W)"]
[WhiteTeamCountry "ITA"]
[BlackTeamCountry "SUI"]

1. e4 c5 2. Nf3 Nc6 3. Bb5 e6 4. 0-0 Nge7 5. Re1 a6 6. Bf1 d5 7. d3 h6 8. Nbd2 d4 9. e5 Nd5 10. g3 Be7 11. Bg2 b5 12. Ne4 Qc7 13. c4 dxc3 14. bxc3 0-0 15. c4 bxc4 16. dxc4 Nb6 17. Bf4 Rd8 18. Qe2 Bb7 19. Nf6+ gxf6 20. exf6 Bd6 21. Bxh6 Bf8 22. Qe3 Qd6 23. Qg5+ Kh7 24. Bg7 1-0

[Event "Plzen IM 13th"]
[Site "Plzen"]
[Date "2025.03.18"]
[Round "4"]
[White "Boehme, Sebastian1"]
[Black "Shatil, Or"]
[Result "1/2-1/2"]
[WhiteElo "2271"]
[BlackElo "2224"]
[PlyCount "36"]
[EventDate "2025.03.15"]
[EventType "tourn"]
[EventRounds "9"]
[EventCountry "CZE"]
[SourceTitle "CB13_2025"]
[SourceDate "2025.03.26"]
[SourceVersion "1"]
[SourceVersionDate "2025.03.26"]
[SourceQuality "1"]

1. d4 d5 2. Nf3 Nf6 3. g3 c5 4. Bg2 cxd4 5. 0-0 h6 6. b3 e6 7. Bb2 Bc5 8. Bxd4 Bxd4 9. Qxd4 Nc6 10. Qb2 Rb8 11. c4 dxc4 12. Na3 cxb3 13. Rfd1 Bd7 14. Nb5 0-0 15. axb3 Qb6 16. Nd6 Rfd8 17. Nd2 Be8 18. N2c4 Qc5 1/2-1/2

[Event "Plzen IM 13th"]
[Site "Plzen"]
[Date "2025.03.15"]
[Round "1"]
[White "Shatil, Or"]
[Black "Filgueiras, Nathan Felipe"]
[Result "1/2-1/2"]
[WhiteElo "2224"]
[BlackElo "2325"]
[PlyCount "43"]
[EventDate "2025.03.15"]
[EventType "tourn"]
[EventRounds "9"]
[EventCountry "CZE"]
[SourceTitle "CB13_2025"]
[SourceDate "2025.03.26"]
[SourceVersion "1"]
[SourceVersionDate "2025.03.26"]
[SourceQuality "1"]

1. e4 c5 2. Nf3 Nc6 3. Bb5 e5 4. 0-0 Bd6 5. c3 a6 6. Ba4 b5 7. Bc2 Nge7 8. a4 Rb8 9. axb5 axb5 10. d4 cxd4 11. cxd4 exd4 12. Nxd4 Nxd4 13. Qxd4 Qc7 14. h3 0-0 15. Qd3 Bb4 16. Nc3 Bxc3 17. bxc3 Nc6 18. Ba3 b4 19. cxb4 Nxb4 20. Bxb4 Rxb4 21. Rfb1 Rxb1+ 22. Rxb1 1/2-1/2

[Event "Rilton Cup 52nd"]
[Site "Stockholm"]
[Date "2025.01.04"]
[Round "8"]
[White "Valcu, Lavinia"]
[Black "Shatil, Or"]
[Result "0-1"]
[WhiteElo "2185"]
[BlackElo "2124"]
[PlyCount "92"]
[EventDate "2024.12.27"]
[EventType "swiss"]
[EventRounds "9"]
[EventCountry "SWE"]
[SourceTitle "CB02_2025"]
[SourceDate "2025.01.08"]
[SourceVersion "1"]
[SourceVersionDate "2025.01.08"]
[SourceQuality "1"]

1. e4 c6 2. d4 d5 3. e5 c5 4. Nf3 cxd4 5. Nxd4 Nc6 6. Nxc6 bxc6 7. Bd3 e6 8. 0-0 a5 9. Qe2 c5 10. c4 d4 11. Nd2 Bb7 12. Ne4 Bxe4 13. Bxe4 Ra6 14. f4 Ne7 15. Bd2 g6 16. b3 Nc6 17. Qf3 Qc7 18. Bxc6+ Qxc6 19. Qxc6+ Rxc6 20. Bxa5 Ra6 21. Be1 Be7 22. Kf2 Kd7 23. Ke2 Ra3 24. Kd3 Rha8 25. Bd2 Rxa2 26. Rxa2 Rxa2 27. Rb1 h5 28. g3 Kc6 29. Ke2 Bd8 30. Kd3 Ba5 31. Bxa5 Rxa5 32. Rb2 Ra3 33. Kd2 Kb6 34. h3 Ka5 35. g4 hxg4 36. hxg4 Kb4 37. f5 gxf5 38. gxf5 exf5 39. Kc2 d3+ 40. Kxd3 Rxb3+ 41. Rxb3+ Kxb3 42. Ke3 Kxc4 43. Kf4 Kd4 44. Kxf5 c4 45. Kf6 c3 46. Kxf7 Kxe5 0-1

[Event "Rilton Cup 52nd"]
[Site "Stockholm"]
[Date "2025.01.03"]
[Round "7"]
[White "Kantane, Anna"]
[Black "Shatil, Or"]
[Result "1-0"]
[WhiteElo "2248"]
[BlackElo "2124"]
[PlyCount "64"]
[EventDate "2024.12.27"]
[EventType "swiss"]
[EventRounds "9"]
[EventCountry "SWE"]
[SourceTitle "CB02_2025"]
[SourceDate "2025.01.08"]
[SourceVersion "1"]
[SourceVersionDate "2025.01.08"]
[SourceQuality "1"]

1. e4 c6 2. d4 d5 3. e5 c5 4. dxc5 e6 5. Be3 Nd7 6. Bb5 Ne7 7. Bd4 Nc6 8. Bxc6 bxc6 9. b4 Qg5 10. g3 Nxe5 11. f4 Qg6 12. Nd2 Nc4 13. Ngf3 Nxd2 14. Qxd2 f6 15. 0-0 Be7 16. a4 0-0 17. Rfe1 Qh5 18. Ra3 Bd7 19. Rae3 Bd8 20. Bc3 Bc7 21. b5 cxb5 22. axb5 Bxb5 23. Nd4 Bd7 24. c6 Bc8 25. Nxe6 Bxe6 26. Rxe6 Rfd8 27. Re7 Bd6 28. Rd7 Bc5+ 29. Bd4 Bxd4+ 30. Qxd4 Rxd7 31. cxd7 Qf7 32. Re7 Qh5 1-0

[Event "Sant Boi de Llobregat op 5th"]
[Site "Sant Boi de Llobregat"]
[Date "2024.12.03"]
[Round "5"]
[White "Romero Pallares, Daniel"]
[Black "Shatil, Or"]
[Result "1/2-1/2"]
[WhiteElo "2286"]
[BlackElo "2124"]
[PlyCount "76"]
[EventDate "2024.11.29"]
[EventType "swiss"]
[EventRounds "10"]
[EventCountry "ESP"]
[SourceTitle "CB50_2024"]
[SourceDate "2024.11.01"]
[SourceVersion "1"]
[SourceVersionDate "2024.11.01"]
[SourceQuality "2"]

1. e4 c6 2. d4 d5 3. exd5 cxd5 4. Bd3 Nc6 5. c3 Nf6 6. Bf4 Bg4 7. Qb3 Qc8 8. Nd2 e6 9. Ngf3 Be7 10. 0-0 0-0 11. Rfe1 Bh5 12. a4 Bg6 13. Bf1 Nh5 14. Bg5 Bxg5 15. Nxg5 Qc7 16. Ngf3 h6 17. Ne5 Bh7 18. Bd3 Bxd3 19. Nxd3 Nf4 20. Nxf4 Qxf4 21. Re3 b6 22. Qb5 Rfc8 23. Nb3 Rab8 24. Qa6 Qc7 25. Qe2 Ne7 26. Nd2 Qc6 27. Qh5 Ng6 28. Qg4 Qc7 29. Qe2 Qc6 30. Rg3 b5 31. axb5 Qxb5 32. Qxb5 Rxb5 33. b4 a5 34. bxa5 Ra8 35. a6 Rb6 36. a7 Rb7 37. Re3 Raxa7 38. Rxa7 Rxa7 1/2-1/2

[Event "Sant Boi de Llobregat op 5th"]
[Site "Sant Boi de Llobregat"]
[Date "2024.12.02"]
[Round "4"]
[White "Shatil, Or"]
[Black "Anand, Batsukh"]
[Result "1/2-1/2"]
[WhiteElo "2124"]
[BlackElo "2313"]
[PlyCount "88"]
[EventDate "2024.11.29"]
[EventType "swiss"]
[EventRounds "10"]
[EventCountry "ESP"]
[SourceTitle "CB50_2024"]
[SourceDate "2024.11.01"]
[SourceVersion "1"]
[SourceVersionDate "2024.11.01"]
[SourceQuality "2"]

1. e4 c6 2. Nf3 d5 3. d3 dxe4 4. dxe4 Qxd1+ 5. Kxd1 Nf6 6. Nbd2 g6 7. Ne5 Nbd7 8. Nd3 Ng4 9. h3 Nge5 10. Nxe5 Nxe5 11. f4 Nd7 12. a4 h5 13. Bd3 Nc5 14. Ke2 Bg7 15. Nf3 b6 16. Ra3 Nxd3 17. cxd3 c5 18. Ne5 Ba6 19. Be3 g5 20. Rc1 0-0 21. a5 f5 22. axb6 axb6 23. Rca1 gxf4 24. Bxf4 fxe4 25. Rxa6 Rxa6 26. Rxa6 Rxf4 27. Nc6 exd3+ 28. Kxd3 b5 29. Nxe7+ Kh7 30. Ra7 c4+ 31. Ke3 Rf7 32. Nc6 Rf6 33. Nd4 Rg6 34. Nf5 Rxg2 35. Rxg7+ Rxg7 36. Nxg7 Kxg7 37. Kd4 Kf6 38. Kc5 Ke5 39. Kxb5 Kd4 40. h4 Kd5 41. Kb4 Kd4 42. Kb5 Kd5 43. Kb4 Kd4 44. Kb5 Kd5 1/2-1/2

[Event "Munich op-A 2nd"]
[Site "Munich"]
[Date "2024.05.27"]
[Round "2"]
[White "Shatil, Or"]
[Black "Ashton, Adam"]
[Result "0-1"]
[WhiteElo "2117"]
[BlackElo "2282"]
[PlyCount "54"]
[EventDate "2024.05.26"]
[EventType "swiss"]
[EventRounds "9"]
[EventCountry "GER"]
[SourceTitle "CBM 220 Extra"]
[Source "ChessBase"]
[SourceDate "2024.07.31"]
[SourceVersion "1"]
[SourceVersionDate "2024.07.31"]
[SourceQuality "1"]

1. e4 c5 2. Nf3 d6 3. c3 Nf6 4. h3 g6 5. Bd3 Bg7 6. Bc2 0-0 7. d4 Nbd7 8. 0-0 e5 9. d5 Ne8 10. c4 f5 11. Nc3 f4 12. g4 h5 13. gxh5 gxh5 14. Kh2 Bh6 15. Rg1+ Ng7 16. Qf1 Nf6 17. Qg2 Ng4+ 18. Kh1 Kf7 19. Bd1 Rh8 20. hxg4 hxg4 21. Nh2 Qh4 22. Bxg4 Bg5 23. Bxc8 Raxc8 24. Nb5 Rcd8 25. Nc7 Rh5 26. Ne6 Rdh8 27. Nxg5+ Rxg5 0-1

[Event "EU-ch U14 Girls 31st"]
[Site "Mamaia"]
[Date "2023.09.06"]
[Round "2"]
[White "Shatil, Or"]
[Black "Andries, Alexia"]
[Result "0-1"]
[WhiteElo "2086"]
[BlackElo "1717"]
[PlyCount "76"]
[EventDate "2023.09.05"]
[EventType "swiss"]
[EventRounds "9"]
[EventCountry "ROU"]
[SourceTitle "CBM 216 Extra"]
[Source "ChessBase"]
[SourceDate "2023.11.30"]
[SourceVersion "1"]
[SourceVersionDate "2023.11.30"]
[SourceQuality "1"]

1. e4 c5 2. Nf3 a6 3. c4 e6 4. Nc3 Qc7 5. d4 cxd4 6. Nxd4 Nf6 7. a3 b6 8. Be3 Bb7 9. f3 d6 10. Be2 Be7 11. 0-0 Nbd7 12. Rc1 Rc8 13. Qe1 0-0 14. Qf2 Rfe8 15. g4 h6 16. h4 Nh7 17. f4 Nc5 18. f5 e5 19. Nf3 Nf6 20. Nd2 Nfxe4 21. Ndxe4 Nxe4 22. Nxe4 Bxe4 23. g5 hxg5 24. hxg5 Qd7 25. Kh2 d5 26. cxd5 Rxc1 27. Rxc1 Bxf5 28. Rf1 Bg6 29. Qh4 Qxd5 30. Bc4 Qc6 31. Kg3 Bc5 32. Rh1 Kf8 33. Bxc5+ Qxc5 34. Re1 e4 35. b3 b5 36. Qh8+ Ke7 37. Qxg7 Qxg5+ 38. Kf2 Qf4+ 0-1

[Event "SUI-ch Rapid"]
[Site "Biel"]
[Date "2023.07.30"]
[Round "9"]
[White "Shatil, Or"]
[Black "Thaler, Matthias"]
[Result "0-1"]
[WhiteElo "2039"]
[BlackElo "2201"]
[PlyCount "36"]
[EventDate "2023.07.30"]
[EventType "swiss (rapid)"]
[EventRounds "9"]
[EventCountry "SUI"]
[SourceTitle "CBM 215 Extra"]
[Source "ChessBase"]
[SourceDate "2023.09.30"]
[SourceVersion "1"]
[SourceVersionDate "2023.09.30"]
[SourceQuality "1"]

1. b3 e5 2. Bb2 d6 3. e3 f5 4. c4 Nf6 5. Nf3 Be7 6. Be2 0-0 7. 0-0 c5 8. d4 cxd4 9. exd4 e4 10. Ne1 f4 11. f3 e3 12. Nc3 Nh5 13. Nd3 Bh4 14. Ne4 Bg3 15. Nxg3 fxg3 16. h3 Qh4 17. f4 Bxh3 18. Bxh5 Bg4 0-1

[Event "SUI-ch (Women) 122nd"]
[Site "Leukerbad"]
[Date "2023.07.18"]
[Round "4"]
[White "Hryzlova, Sofiia"]
[Black "Shatil, Or"]
[Result "1-0"]
[WhiteElo "2261"]
[BlackElo "2039"]
[PlyCount "89"]
[EventDate "2023.07.15"]
[EventType "tourn"]
[EventRounds "9"]
[EventCountry "SUI"]
[SourceTitle "CBM 215 Extra"]
[Source "ChessBase"]
[SourceDate "2023.09.30"]
[SourceVersion "1"]
[SourceVersionDate "2023.09.30"]
[SourceQuality "1"]

1. d4 Nf6 2. Bf4 d5 3. e3 e6 4. Nf3 c5 5. c3 Nc6 6. Nbd2 cxd4 7. exd4 Nh5 8. Bg3 g6 9. Bd3 Ng7 10. Qe2 Bd6 11. Ne5 f6 12. Ng4 0-0 13. 0-0 Bxg3 14. fxg3 Kh8 15. Qf2 Bd7 16. Ne3 Qe7 17. Nf3 Qd6 18. Rad1 a6 19. c4 Nb4 20. Bb1 b5 21. a3 Nc6 22. c5 Qe7 23. Rde1 Qd8 24. Qd2 Qc7 25. Nh4 Be8 26. Ng4 Qe7 27. Rf2 f5 28. Ne5 Nxe5 29. Rxe5 Bf7 30. Rfe2 Qd8 31. Nf3 Qd7 32. Ba2 Rae8 33. Qg5 Qd8 34. Qh6 Bg8 35. Qc1 Nh5 36. Ng5 Qc8 37. Qe1 Ng7 38. Nf3 Bf7 39. R5e3 Bg8 40. Ne5 Nh5 41. Bxd5 f4 42. gxf4 Nxf4 43. Bf3 Nxe2+ 44. Rxe2 Rf4 45. Qc3 1-0

[Event "SUI-ch (Women) 122nd"]
[Site "Leukerbad"]
[Date "2023.07.17"]
[Round "3"]
[White "Shatil, Or"]
[Black "Manko, Mariya"]
[Result "0-1"]
[WhiteElo "2039"]
[BlackElo "2145"]
[PlyCount "102"]
[EventDate "2023.07.15"]
[EventType "tourn"]
[EventRounds "9"]
[EventCountry "SUI"]
[SourceTitle "CBM 215 Extra"]
[Source "ChessBase"]
[SourceDate "2023.09.30"]
[SourceVersion "1"]
[SourceVersionDate "2023.09.30"]
[SourceQuality "1"]

1. e4 c5 2. Nf3 Nc6 3. Bb5 g6 4. Bxc6 dxc6 5. d3 Bg7 6. h3 b6 7. a4 a5 8. Na3 e5 9. 0-0 Ne7 10. Be3 h6 11. Nc4 Qc7 12. Nfd2 0-0 13. f4 exf4 14. Bxf4 Qd8 15. Nf3 Be6 16. Qc1 g5 17. Be5 Bxe5 18. Ncxe5 f6 19. Nc4 Bxc4 20. dxc4 Ng6 21. Qe3 Qc7 22. Rad1 Rae8 23. Nd2 f5 24. Rde1 f4 25. Qc3 Ne5 26. Nf3 Re6 27. Rd1 Rfe8 28. Rd2 Qh7 29. Re1 Nf7 30. e5 Qf5 31. Rde2 h5 32. Qd3 Qxd3 33. cxd3 g4 34. hxg4 hxg4 35. Nh2 Rxe5 36. Rxe5 Rxe5 37. Rf1 g3 38. Ng4 Rf5 39. Re1 Kg7 40. Re6 Rg5 41. Nf6 Ne5 42. Ne4 Rh5 43. Rd6 Rh6 44. Rd8 Kf7 45. Rb8 Nxd3 46. Rxb6 Ke7 47. Rb7+ Kd8 48. Rb3 Nc1 49. Rb8+ Kc7 50. Re8 Nd3 51. Re7+ Kd8 0-1

[Event "SUI-ch (Women) 122nd"]
[Site "Leukerbad"]
[Date "2023.07.15"]
[Round "1"]
[White "Stoeri, Laura"]
[Black "Shatil, Or"]
[Result "1/2-1/2"]
[WhiteElo "2109"]
[BlackElo "2039"]
[PlyCount "110"]
[EventDate "2023.07.15"]
[EventType "tourn"]
[EventRounds "9"]
[EventCountry "SUI"]
[SourceTitle "CBM 215 Extra"]
[Source "ChessBase"]
[SourceDate "2023.09.30"]
[SourceVersion "1"]
[SourceVersionDate "2023.09.30"]
[SourceQuality "1"]

1. e4 c6 2. d4 d5 3. exd5 cxd5 4. Bd3 Nc6 5. c3 Nf6 6. h3 g6 7. Nf3 Bf5 8. 0-0 Bxd3 9. Qxd3 Bg7 10. Bf4 0-0 11. Nbd2 Rc8 12. Rfe1 Re8 13. Ne5 Qb6 14. Rab1 e6 15. Qf3 Nxe5 16. Bxe5 Nd7 17. Bxg7 Kxg7 18. h4 Qd6 19. Rbd1 h5 20. Nb3 b6 21. Nc1 Nf6 22. Nd3 Ne4 23. Ne5 f6 24. Nd3 b5 25. Qh3 f5 26. Ne5 Nf6 27. f3 Nd7 28. Nd3 a5 29. a3 Nb6 30. Re2 Nd7 31. Rde1 Re7 32. Qh2 Qxh2+ 33. Kxh2 Kf7 34. Kg3 Kf6 35. Kf4 Nb6 36. g4 hxg4 37. fxg4 fxg4 38. Kxg4 Nc4 39. Rf1+ Kg7 40. Kg5 Nd6 41. Nc5 e5 42. Kg4 e4 43. Nd3 Nf5 44. Nf4 Rh8 45. h5 Nh6+ 46. Kh3 Nf7 47. Rg1 g5 48. Nxd5 Rxh5+ 49. Kg3 Rd7 50. Ne3 Nd6 51. Rf1 Rf7 52. Rxf7+ Kxf7 53. Nd5 Kg6 54. Ne7+ Kf6 55. Nd5+ Kg6 1/2-1/2

[Event "Lyon ECAM IM (Women)"]
[Site "Lyon"]
[Date "2023.04.12"]
[Round "4"]
[White "Tomasi, Elise"]
[Black "Shatil, Or"]
[Result "1-0"]
[WhiteElo "2032"]
[BlackElo "2002"]
[PlyCount "135"]
[EventDate "2023.04.10"]
[EventType "tourn"]
[EventRounds "9"]
[EventCountry "FRA"]
[SourceTitle "EXT 2024"]
[Source "ChessBase"]
[SourceDate "2023.10.10"]
[SourceVersion "1"]
[SourceVersionDate "2023.10.10"]
[SourceQuality "1"]

1. d4 Nf6 2. Nf3 g6 3. g3 Bg7 4. Bg2 d5 5. 0-0 0-0 6. c4 c6 7. Qb3 a5 8. c5 a4 9. Qa3 b6 10. cxb6 Nfd7 11. Bf4 Nxb6 12. Nbd2 f6 13. Qc3 Bb7 14. h4 N8d7 15. Qe3 e5 16. Bh6 e4 17. Nh2 Bxh6 18. Qxh6 f5 19. f3 c5 20. dxc5 Nxc5 21. Rac1 Rc8 22. g4 Qf6 23. fxe4 dxe4 24. Kh1 Qg7 25. Qe3 Nd5 26. Qh3 Qd4 27. Nc4 Ne6 28. e3 Nxe3 29. Nxe3 Rxc1 30. Rxc1 Nf4 31. Qg3 Ne2 32. Qe1 Nxc1 33. Qxc1 Rc8 34. Qe1 f4 35. Nef1 f3 36. Bh3 Qxb2 37. Qe3 Qe2 38. Qb6 Qa6 39. Qe3 Qd3 40. Qb6 Qd5 41. g5 Re8 42. Ng4 Qc6 43. Nf6+ Kf7 44. Qxc6 Bxc6 45. Nxe8 Bxe8 46. Kg1 a3 47. Kf2 Ke7 48. Ne3 Bf7 49. Nc2 Bxa2 50. Nxa3 Be6 51. Bf1 Kd6 52. Ke3 Ke5 53. Nb5 Bd5 54. Nc3 Bc6 55. Nd1 Bd5 56. Nf2 Kf5 57. Bh3+ Ke5 58. Ng4+ Kd6 59. Nf6 Be6 60. Nxe4+ Ke7 61. Bxe6 Kxe6 62. Kxf3 Kf5 63. Ng3+ Ke5 64. Kg4 Ke6 65. Ne4 Kf7 66. Kf4 Kg7 67. Ke5 h6 68. Ke6 1-0

[Event "Lienz op 21st"]
[Site "Lienz"]
[Date "2023.02.16"]
[Round "7"]
[White "Shatil, Or"]
[Black "Chkhaidze, Nikoloz"]
[Result "0-1"]
[WhiteElo "1899"]
[BlackElo "2165"]
[PlyCount "54"]
[EventDate "2023.02.11"]
[EventType "swiss"]
[EventRounds "9"]
[EventCountry "AUT"]
[SourceTitle "CBM 212 Extra"]
[Source "ChessBase"]
[SourceDate "2023.03.31"]
[SourceVersion "1"]
[SourceVersionDate "2023.03.31"]
[SourceQuality "1"]

1. b3 d5 2. Bb2 Bf5 3. e3 e6 4. Nf3 Nf6 5. Be2 h6 6. c4 Nbd7 7. 0-0 Bd6 8. d4 c6 9. Nc3 0-0 10. cxd5 exd5 11. Rc1 Re8 12. h3 Qe7 13. Bd3 Ne4 14. Qc2 Rad8 15. Na4 Bb8 16. Nc5 Ndxc5 17. dxc5 Qc7 18. Rfd1 Re6 19. Kf1 Rde8 20. Nd4 Rf6 21. Nxf5 Rxf5 22. Bxe4 Rxe4 23. Rd4 Qe7 24. g4 Rf3 25. Kg2 Rexe3 26. fxe3 Qxe3 27. Rd2 Rg3+ 0-1

[Event "EU-ch U12 Girls 30th"]
[Site "Antalya"]
[Date "2022.11.14"]
[Round "9"]
[White "Shatil, Or"]
[Black "Aydogan, Arya"]
[Result "1/2-1/2"]
[WhiteElo "1862"]
[BlackElo "1552"]
[PlyCount "89"]
[EventDate "2022.11.06"]
[EventType "swiss"]
[EventRounds "9"]
[EventCountry "TUR"]
[SourceTitle "EXT 2024"]
[Source "ChessBase"]
[SourceDate "2023.10.10"]
[SourceVersion "1"]
[SourceVersionDate "2023.10.10"]
[SourceQuality "1"]

1. Nf3 d5 2. b3 Nf6 3. Bb2 e6 4. e3 Bd6 5. c4 0-0 6. Be2 b6 7. 0-0 Bb7 8. d4 Nbd7 9. Nc3 a6 10. Rc1 Qe7 11. cxd5 exd5 12. Bd3 h6 13. Re1 Rfe8 14. Ne2 Rac8 15. Ng3 g6 16. Nd2 Ba3 17. Bxa3 Qxa3 18. Bb1 c5 19. Nf3 Ne4 20. dxc5 Ndxc5 21. Nd4 Nxg3 22. hxg3 Ne4 23. Bxe4 dxe4 24. Rxc8 Rxc8 25. Qd2 a5 26. Nb5 Qc5 27. Nd6 Rc7 28. Nxb7 Rxb7 29. Rc1 Qe7 30. Rc8+ Kg7 31. Qd4+ f6 32. Rc4 b5 33. Rc1 Rd7 34. Qc3 Qd8 35. Kh2 Rd2 36. Rc2 Rxc2 37. Qxc2 Qd5 38. Qc7+ Kg8 39. Qc8+ Kg7 40. Qc7+ Kg8 41. Qxa5 Qh5+ 42. Kg1 Qd1+ 43. Kh2 Qh5+ 44. Kg1 Qd1+ 45. Kh2 1/2-1/2

[Event "EU-ch U12 Girls 30th"]
[Site "Antalya"]
[Date "2022.11.10"]
[Round "5"]
[White "Caku, Kler"]
[Black "Shatil, Or"]
[Result "1-0"]
[WhiteElo "1562"]
[BlackElo "1862"]
[PlyCount "107"]
[EventDate "2022.11.06"]
[EventType "swiss"]
[EventRounds "9"]
[EventCountry "TUR"]
[SourceTitle "CBM 211 Extra"]
[Source "ChessBase"]
[SourceDate "2023.01.31"]
[SourceVersion "1"]
[SourceVersionDate "2023.01.31"]
[SourceQuality "1"]

1. e4 c5 2. Nf3 Nc6 3. d4 cxd4 4. Nxd4 Nf6 5. Nc3 e5 6. Ndb5 d6 7. Bg5 a6 8. Na3 b5 9. Nd5 Be7 10. Bxf6 Bxf6 11. c3 Bg5 12. Nc2 Rb8 13. Be2 0-0 14. 0-0 Kh8 15. Nce3 g6 16. Qd3 f5 17. Bf3 Qd7 18. Rad1 a5 19. h3 Nd8 20. b4 a4 21. a3 Nc6 22. Rfe1 Qf7 23. Re2 Be6 24. Rb2 Bd8 25. Qd2 f4 26. Nf1 Ne7 27. Qd3 Nxd5 28. exd5 Bf5 29. Be4 Bxe4 30. Qxe4 Bb6 31. Rc2 Qd7 32. Rd3 Rbc8 33. Nd2 Qf5 34. Qe2 f3 35. gxf3 Qxh3 36. Qf1 Qg3+ 37. Qg2 Bxf2+ 38. Kf1 Qxg2+ 39. Kxg2 Bh4 40. Ne4 Be7 41. c4 Rxc4 42. Rxc4 bxc4 43. Rc3 g5 44. Rxc4 g4 45. fxg4 Rf4 46. Nd2 Rf8 47. b5 Rb8 48. Rb4 Kg7 49. b6 Kf7 50. Nc4 Bd8 51. Nxd6+ Ke7 52. Nc4 e4 53. Kf2 h6 54. Ke3 1-0

[Event "EU-ch U12 Girls 30th"]
[Site "Antalya"]
[Date "2022.11.08"]
[Round "3"]
[White "Huseynova, Lala"]
[Black "Shatil, Or"]
[Result "1/2-1/2"]
[WhiteElo "1583"]
[BlackElo "1862"]
[PlyCount "56"]
[EventDate "2022.11.06"]
[EventType "swiss"]
[EventRounds "9"]
[EventCountry "TUR"]
[SourceTitle "CBM 211 Extra"]
[Source "ChessBase"]
[SourceDate "2023.01.31"]
[SourceVersion "1"]
[SourceVersionDate "2023.01.31"]
[SourceQuality "1"]

1. e4 c6 2. Nf3 d5 3. Nc3 dxe4 4. Nxe4 Nf6 5. Qe2 Nxe4 6. Qxe4 Nd7 7. Bc4 Nf6 8. Ne5 e6 9. Qe2 b5 10. Bb3 Qc7 11. a4 a6 12. d4 Bd6 13. Bf4 0-0 14. 0-0 Bb7 15. Rfd1 Rad8 16. c3 Ba8 17. Bg5 Be7 18. Bc2 c5 19. dxc5 Qxc5 20. axb5 axb5 21. Rxd8 Rxd8 22. Bxf6 Bxf6 23. Bxh7+ Kxh7 24. Qh5+ Kg8 25. Qxf7+ Kh7 26. Qh5+ Kg8 27. Qf7+ Kh7 28. Qg6+ Kg8 1/2-1/2